MARC details
| 000 -LEADER |
| fixed length control field |
02616nam a2200469 a 4500 |
| 001 - CONTROL NUMBER |
| control field |
78049 |
| 003 - CONTROL NUMBER IDENTIFIER |
| rucl marc code |
BD-RjUL |
| 005 - DATE AND TIME OF LATEST TRANSACTION |
| control field |
20211209083101.0 |
| 008 - FIXED-LENGTH DATA ELEMENTS--GENERAL INFORMATION |
| fixed length control field |
210311s2003 bg ||||| m||| 00| 0 ben d |
| 035 ## - SYSTEM CONTROL NUMBER |
| System control number |
(BD-RjUL)78275 |
| 040 ## - CATALOGING SOURCE |
| Original cataloging agency |
BD-RjUL |
| Language of cataloging |
ben/eng |
| Modifying agency |
BD-RjUL |
| 041 ## - LANGUAGE CODE |
| Language code of text/sound track or separate title |
ben |
| 082 ## - DEWEY DECIMAL CLASSIFICATION NUMBER |
| Classification number |
202.117 |
| Author mark and year |
ISR 2003 |
| Edition number |
23 |
| 099 ## - LOCAL FREE-TEXT CALL NUMBER (OCLC) |
| Bangla Class number |
|
| 100 ## - MAIN ENTRY--PERSONAL NAME |
| Personal name |
ইসলাম, মোঃ আমিনুল |
| 9 (RLIN) |
245896 |
| 245 10 - TITLE STATEMENT |
| Title |
ধর্মের উৎপত্তি ও বিকাশে অলৌকিকতার প্রভাব / |
| Statement of responsibility, etc. |
মোঃ আমিনুল ইসলাম ; |
| Linkage |
গবেষণা তত্ত্বাবধায়ক : এফ. এম. এ. এইচ. তাকী |
| 260 ## - PUBLICATION, DISTRIBUTION, ETC. (IMPRINT) |
| Place of publication, distribution, etc. |
রাজশাহী : |
| Name of publisher, distributor, etc. |
ইসলামিক স্টাডিজ বিভাগ, রাজশাহী বিশ্ববিদ্যালয়, |
| Date of publication, distribution, etc. |
২০০৩ |
| 300 ## - PHYSICAL DESCRIPTION |
| Pagination |
[৭], ৩২৭ পাতা ; |
| Size |
২৯ সেমি. |
| 502 ## - DISSERTATION NOTE |
| Dissertation note |
থিসিস (পিএইচ. ডি.) -- ইসলামিক স্টাডিজ বিভাগ, রাজশাহী বিশ্ববিদ্যালয়, ২০০৩ |
| 504 ## - BIBLIOGRAPHY, ETC. NOTE |
| Bibliography, etc |
গ্রন্থপঞ্জি : পাতা [৩০২]-৩২৭ |
| 600 ## - SUBJECT ADDED ENTRY--PERSONAL NAME |
| Personal name |
|
| Titles and other words associated with a name |
|
| 650 ## - SUBJECT ADDED ENTRY--TOPICAL TERM |
| Topical term or geographic name as entry element |
ধর্ম |
| General subdivision |
ইতিহাস |
| 9 (RLIN) |
245994 |
|
| Topical term or geographic name as entry element |
Religion |
| General subdivision |
History |
| 9 (RLIN) |
245995 |
|
| Topical term or geographic name as entry element |
ধর্ম |
| General subdivision |
দর্শন |
| 9 (RLIN) |
245996 |
|
| Topical term or geographic name as entry element |
Religion |
| General subdivision |
Philosophy |
| 9 (RLIN) |
245997 |
|
| Topical term or geographic name as entry element |
অলৌকিক ঘটনা (ইসলাম) |
| 9 (RLIN) |
245998 |
|
| Topical term or geographic name as entry element |
Miracles (Islam) |
| 9 (RLIN) |
246102 |
|
| Topical term or geographic name as entry element |
অলৌকিক ঘটনা (ইসলাম) |
| General subdivision |
কোরআন শিক্ষা |
| 9 (RLIN) |
245999 |
|
| Topical term or geographic name as entry element |
Miracles (Islam) |
| General subdivision |
Qurʼanic teaching |
| 9 (RLIN) |
246000 |
|
| Topical term or geographic name as entry element |
অলৌকিক ঘটনা (হিন্দু ধর্ম) |
| 9 (RLIN) |
246001 |
|
| Topical term or geographic name as entry element |
Miracles (Hinduism) |
| 9 (RLIN) |
246002 |
|
| Topical term or geographic name as entry element |
অলৌকিক ঘটনা ( ইহুদী ধর্ম ) |
| 9 (RLIN) |
246003 |
|
| Topical term or geographic name as entry element |
Miracles (Judaism) |
| 9 (RLIN) |
246103 |
|
| Topical term or geographic name as entry element |
অলৌকিক ঘটনা ( খ্রিষ্ট ধর্ম ) |
| 9 (RLIN) |
246104 |
|
| Topical term or geographic name as entry element |
Miracles (Christianity ) |
| 9 (RLIN) |
246105 |
|
| Topical term or geographic name as entry element |
অলৌকিক ঘটনা ( বৌদ্ধ ধর্ম ) |
| 9 (RLIN) |
246106 |
|
| Topical term or geographic name as entry element |
Miracles (Buddhism ) |
| 9 (RLIN) |
246107 |
|
| Topical term or geographic name as entry element |
অলৌকিক ঘটনা ( অন্যান্য নবী-রাসুলগন ) |
| 9 (RLIN) |
246108 |
|
| Topical term or geographic name as entry element |
Miracles (Other Prophets) |
| 9 (RLIN) |
246109 |
| 700 ## - ADDED ENTRY--PERSONAL NAME |
| Personal name |
তাকী, এফ. এম. এ. এইচ. গবেষণা তত্ত্বাবধায়ক |
| 942 ## - ADDED ENTRY ELEMENTS (KOHA) |
| Source of classification or shelving scheme |
Dewey Decimal Classification |
| Koha item type |
Theses |